| Tag |
First Indicator |
Second Indicator |
Subfields |
| LEADER |
00000cem a2200000Ia 4500 |
| 001 |
in00002393349 |
| 005 |
20211202203230.0 |
| 006 |
m d f |
| 007 |
aj cznzn |
| 007 |
cr cn||||||||| |
| 008 |
080411s2005 vau bh a fs 1 eng d |
| 034 |
1 |
|
|a a
|b 24000
|d W1074500
|e W1073730
|f N0412230
|g N0411500
|
| 035 |
|
|
|a (OCoLC)ocn222313718
|
| 040 |
|
|
|a GPO
|c GPO
|d MvI
|d UtOrBLW
|
| 043 |
|
|
|a n-us-wy
|
| 049 |
|
|
|a WWW
|
| 052 |
|
|
|a 4263
|b C4
|
| 074 |
|
|
|a 0619-G-33 (online)
|
| 086 |
0 |
|
|a I 19.91/3:2878
|
| 100 |
1 |
|
|a Hettinger, R. D.
|
| 245 |
1 |
0 |
|a Geologic map and coal stratigraphy of the Blue Gap quadrangle, eastern Washakie Basin, Carbon County, Wyoming /
|c by R.D. Hettinger and J.G. Honey.
|
| 250 |
|
|
|a Version 1.0.
|
| 255 |
|
|
|a Scale 1:24,000 ;
|b transverse Mercator proj.
|c (W 107⁰45ʹ00ʺ--W 107⁰37ʹ30ʺ/N 41⁰22ʹ30ʺ--N 41⁰15ʹ00ʺ).
|
| 264 |
|
1 |
|a [Reston, Va.] :
|b U.S. Dept. of the Interior, U.S. Geological Survey ;
|c 2005.
|
| 264 |
|
2 |
|a Denver, CO :
|b Information Services [distributor],
|
| 300 |
|
|
|a 1 electronic map :
|b HTML, digital, PDF file.
|
| 336 |
|
|
|a cartographic image
|b cri
|2 rdacontent
|
| 337 |
|
|
|a computer
|b c
|2 rdamedia
|
| 338 |
|
|
|a online resource
|b cr
|2 rdacarrier
|
| 490 |
1 |
|
|a Scientific investigations map ;
|v 2878
|
| 538 |
|
|
|a Mode of access: Internet from the USGS web site. Address as of 4/11/08: http://pubs.usgs.gov/sim/2005/2878/ ; current access via PURL.
|
| 500 |
|
|
|a Relief shown by contours and spot heights.
|
| 500 |
|
|
|a Includes text, colored ancillary maps, location map, index map, tables, and stratigraphic diagrams.
|
| 504 |
|
|
|a Includes bibliographic references.
|
| 500 |
|
|
|a Electronic resource.
|
| 650 |
|
0 |
|a Geology
|z Wyoming
|z Carbon County
|v Maps.
|
| 650 |
|
0 |
|a Coal
|x Geology
|z Wyoming
|z Carbon County
|v Maps.
|
| 776 |
0 |
|
|a Hettinger, R. D.
|t Geologic map and coal stratigraphy of the Blue Gap quadrangle, eastern Washakie Basin, Carbon County, Wyoming
|h 1 map
|w (OCoLC)60326569
|
| 700 |
1 |
|
|a Honey, James G.
|
| 710 |
2 |
|
|a Geological Survey (U.S.)
|
| 830 |
|
0 |
|a Scientific investigations map ;
|v 2878.
|
| 856 |
4 |
0 |
|u https://purl.fdlp.gov/GPO/LPS59846
|t 0
|
| 999 |
|
|
|a MARS
|
| 999 |
f |
f |
|s daa1116d-ecbe-3fd1-af76-b3cbab3df3db
|i 8f7fb431-9870-3987-80eb-102c9d248bc6
|t 0
|
| 952 |
f |
f |
|a Texas A&M University
|b College Station
|c Electronic Resources
|d Available Online
|t 0
|e I 19.91/3:2878
|h Superintendent of Documents classification
|
| 998 |
f |
f |
|a I 19.91/3:2878
|t 0
|l Available Online
|